| 000 | 01039nam a22002057a 4500 | ||
|---|---|---|---|
| 003 | OSt | ||
| 005 | 20260127160035.0 | ||
| 008 | 230408b ||||| |||| 00| 0 eng d | ||
| 040 | _cOst | ||
| 041 | _ashan | ||
| 082 | _a959.195919 | ||
| 245 |
_aၽိုၼ်လိၵ်ႈၶူၼ်ႉၶႂႃႉပၢင်ၵုမ်ၶွၼ်ႇၾရႅၼ်ႉမူႇၸုမ်းတႆးလဵပ်ႈႁဵၼ်းပိုၼ်းပွၵ်ႈၵမ်း (4)။ _cၸုမ်းၽၢႆႇလိၵ်ႈလၢႆးပၢင်ၵုမ်ၶွၼ်ႇၾရႅၼ်ႉလိၵ်ႈလူင်ပွၵ်ႈၵမ်း(6) |
||
| 260 |
_aဝဵင်းလိူဝ်ႇ _bတႆးၵမ်ႇပေႃးၸ _c2018 |
||
| 300 |
_axiv၊ 330 ၼႃႈ _bပႃးႁၢင်ႈ၊ လွၵ်း _c21 ၸိၼ်ႇထီႇ |
||
| 500 | _aS-SAT: Dr. Prof Sai Aung Tun | ||
| 650 |
_aပိုၼ်းတႆး-ၶွၼ်ႇၾရႅၼ်ႉ _922752 |
||
| 942 |
_cBK1 _2ddc |
||
| 942 | _2ddc | ||
| 942 | _2ddc | ||
| 999 |
_c23794 _d23794 |
||